| 000 | 00789nam a22002417a 4500 | ||
|---|---|---|---|
| 003 | OSt | ||
| 005 | 20250908211221.0 | ||
| 008 | 250908b |||||||| |||| 00| 0 eng d | ||
| 020 | _a9789684762510 | ||
| 040 |
_aCO-UdeC _bspa _cCO-UdeC |
||
| 041 | 0 | _aspa | |
| 082 |
_21a ed. _a025.0634 _bP438e |
||
| 100 | _aPérez Luño, Antonio Enrique | ||
| 245 | 1 | 0 |
_aEnsayos de informática jurídica / _cAntonio Enrique Pérez Luño _n |
| 250 | _a1a. ed. | ||
| 260 |
_aMéxico : _bEdiciones Coyoacán , _c2009 |
||
| 300 |
_a148 p. ; _c21 cm. |
||
| 490 |
_aBiblioteca de ética, filosofía del derecho y política _v46 |
||
| 504 | _aBibliografía: p. 139-148 | ||
| 650 | 1 | 4 | _aInformática jurídica |
| 650 | 2 | 4 |
_aDerecho _xMétodos informáticos |
| 942 |
_2ddc _cBK _e1a ed. _h025.0634 _iP438e _n0 |
||
| 999 |
_c2031 _d2031 |
||